Normal view
MARC view
Entry Topical Term
001 - CONTROL NUMBER
- control field: 18507
003 - CONTROL NUMBER IDENTIFIER
- control field: ARRUPE
005 - DATE AND TIME OF LATEST TRANSACTION
- control field: 20150722144405.0
008 - FIXED-LENGTH DATA ELEMENTS
- fixed length control field: 150722|| aca||aabn | a|a d
040 ## - CATALOGING SOURCE
- Original cataloging agency: ARRUPE
- Transcribing agency: ARRUPE
150 ## - HEADING--TOPICAL TERM
- Topical term or geographic name as entry element: Quantum theory.
670 ## - SOURCE DATA FOUND
- Source citation: Work cat.: (ARRUPE)0: Feynman, Richard P. (Richard Phillips), 1918-1988. 13896, Elementary particles and the laws of physics :, 1987.